| 000 | 00935nam a22002297a 4500 | ||
|---|---|---|---|
| 999 |
_c827 _d827 |
||
| 003 | AR-CdUCM | ||
| 008 | 190225b ||||| |||| 00| 0 spa d | ||
| 040 |
_aMUNICIPALIDAD PROVINCIAL DEL CUSCO _cBIBLIOTECA MUNICIPAL DEL CUSCO |
||
| 082 |
_a927 / _bOR77 |
||
| 100 |
_aOrta Velazquez, Guillermo _93139 |
||
| 245 |
_aLa música de Beethoven en México : _bHomenaje a Beethoven en el CL Aniversario de su muerte / |
||
| 260 |
_aMéxico, D. F : _bImpresiones Rodas, _c1977. |
||
| 300 |
_a142 páginas ; _bPentagramas, _c20 cm. |
||
| 505 | _aHistoria de la sinfonía -- Características de la sinfonía -- La orquesta sinfónica -- Las oberturas de Beethoven -- Testamento de Heiligenstadt ... | ||
| 650 |
_aMúsica clásica _93140 |
||
| 650 |
_aPentagrama _93141 |
||
| 650 |
_aNotas musicales _93142 |
||
| 650 |
_aConciertos de Beethoven _93143 |
||
| 650 |
_aPrimera sinfonía _93144 |
||
| 942 |
_2ddc _cLIBROS |
||
| 945 |
_anom _d2019-02-25 |
||